All Satisfactory Parts - Statistics

General Stats
  • This quiz has been taken 193 times
  • The average score is 35 of 83
Answer Stats
Answer % Correct
Coal
88%
Iron Ingot
85%
Copper Ore
84%
Iron Ore
84%
Limestone
84%
Copper Ingot
83%
Water
78%
Caterium Ore
75%
Iron Plate
73%
Quartz
73%
Steel Ingot
69%
Caterium Ingot
66%
Iron Rod
66%
Sulfur
66%
Uranium Ore
66%
SAM Ore
64%
Concrete
60%
Fuel
60%
Wire
60%
Bauxite
59%
Crude Oil
59%
Cable
58%
Nitrogen Gas
55%
Screw
55%
Turbofuel
55%
Aluminum Ingot
50%
Smart Plating
50%
Computer
49%
Plastic
48%
Rotor
48%
Motor
47%
Steel Pipe
47%
Reinforced Iron Plate
45%
Rubber
45%
Rocket Fuel
44%
Stator
44%
Steel Beam
44%
Copper Sheet
42%
Quickwire
42%
Heavy Oil Residue
41%
Modular Frame
41%
SuperComputer
41%
Silica
40%
Ai Limiter
38%
Biomass
38%
Quartz Crystal
36%
Sulfuric Acid
36%
Circuit Board
35%
Heavy Modular Frame
34%
Ionized Fuel
33%
Liquid Biofuel
33%
Encased Industrial Beam
30%
Nitric Acid
30%
Nuclear pasta
30%
Versatile Framework
30%
Automated Wiring
28%
Adaptive Control Unit
27%
Aluminum Casing
27%
Crystal Oscillator
27%
Fused Modular Frame
27%
Alumina Solution
26%
Copper Powder
26%
Fabric
26%
Ficsite Ingot
25%
Modular Engine
25%
Polymer Resin
25%
Turbo Motor
25%
Battery
24%
Radio Control Unit
24%
Reanimated SAM
24%
SAM Fluctuator
23%
Dark Matter Residue
22%
Alclad Aluminum Sheet
20%
Cooling System
20%
Aluminum Scrap
19%
Excited Photonic Matter
19%
Heat Sink
19%
Assembly Director System
15%
Petroleum Coke
14%
High Speed Connecter
13%
Superposition Oscillator
13%
Dissolved Silica
11%
Ficsite Trigon
11%
No matching quizzes found
Score Distribution
Percent of People with Each Score
Percentile by Number Answered
Your Score History
You have not taken this quiz